| 000 | 01218nam a22002657a 4500 | ||
|---|---|---|---|
| 999 |
_c65938 _d65938 |
||
| 005 | 20240530110850.0 | ||
| 008 | 200912s2019 ua a f b 000 0dara d | ||
| 017 |
_a2018/10324 _bمصر. دار الكتب |
||
| 020 | _a9789772123629 | ||
| 040 |
_aEG-CaGPL _cEG-CaGPL |
||
| 082 | 0 | 4 |
_221 _a953.076\ _bم أ |
| 100 | 0 | _aمحمد السعيد محمد بركات | |
| 245 | 1 | 2 |
_aالاتراك فى العراق ومصر ( 218 - 358 هـ - 833 969 م ) : _bالاتراك قبل دخولهم الاسلام - الولاة والقواد الاتراك - العادات والتقاليد - اثر الطابع العسكرى والمدنى للاتراك / _cمحمد السعيد محمد بركات |
| 250 | _aط.1 | ||
| 260 |
_aالاسكندرية : _bمؤسسة شباب الجامعة ، _c2019 |
||
| 300 |
_a351 ص. ؛ _c24 سم. |
||
| 504 | _aيشتمل على ارجاعات ببليوجرافية | ||
| 650 | 0 | 7 |
_aالاتراك _2qrmak |
| 650 | 0 | 7 |
_aالاتراك _xعادات وتقاليد |
| 650 | 0 | 7 |
_aالاتراك _xتاريخ _2qrmak _zمصر |
| 650 | 0 | 7 |
_aالاتراك _xتاريخ _zالعراق |
| 651 | _2qrmak | ||
| 942 |
_2ddc _cBK |
||